000 00640nam a2200205 i 4500
001 116654
003 ES-MaACL
005 20250823063103.0
007 t|
008 061121s1932 sp r ||||1| spa d
080 _a821.134.2-32"19"
100 1 _aOteyza, Luis de,
_d1883-1961
_987927
245 1 3 _aEl tesoro de Cuauhtemoc
_b: novela /
_cLuis de Oteyza ; grabados de Benet.
260 _aBarcelona :
_bJ. M. Yagües,
_c1932 (
_fCosta)
300 _a240 p. :
_bil. ;
_c20 cm.
490 1 _aEl libro ilustrado ;
_v3
830 0 _aEl libro ilustrado ;
_v3
_9233319
852 _aES-MaACL
_jF-13939
999 _c116654
_d116654